[Event "IECC CL5-2005.06 email"]
[Site "IECC email"]
[Date "2005.03.19"]
[Round "?"]
[White "Sanchez Redondo, Jaime"]
[Black "Chegancas, Marcos Antonio"]
[Result "1/2-1/2"]
[WhiteElo "1526"]
[BlackElo "1514"]
[PlyCount "99"]
[EventDate "2005.??.??"]
[EventType "tourn (corr)"]
[EventRounds "4"]
[SourceTitle "Corr 2008"]
[Source "ChessBase"]
[SourceDate "2008.06.24"]
[SourceVersion "1"]
[SourceVersionDate "2008.06.24"]
[SourceQuality "1"]

1. e4 e5 2. Nf3 Nc6 3. Bb5 a6 4. Ba4 Nf6 5. 0-0 b5 6. Bb3 Be7 7. Re1 0-0 8. c3 d6 9. h3 Na5 10. Bc2 c5 11. d4 Qc7 12. Nbd2 Nc6 13. d5 Nd8 14. a4 Rb8 15. axb5 axb5 16. b4 c4 17. Nf1 Ne8 18. N3h2 f6 19. f4 Nf7 20. Nf3 g6 21. f5 Ng7 22. g4 Bd7 23. Be3 Ra8 24. Qd2 Qb7 25. Rac1 Ra2 26. Ng3 Rfa8 27. h4 Bd8 28. Kh1 Bb6 29. g5 Bxe3 30. Qxe3 fxg5 31. fxg6 hxg6 32. Nxg5 Bg4 33. Rf1 Rf8 34. Bd1 Qd7 35. Kg1 Bxd1 36. Rcxd1 Qg4 37. Nxf7 Rxf7 38. Rxf7 Qxd1+ 39. Rf1 Qg4 40. Qg5 Qxg5 41. hxg5 Nh5 42. Nxh5 gxh5 43. Rf6 Rc2 44. Rxd6 Rxc3 45. Rb6 Re3 46. Rxb5 c3 47. Rc5 Rxe4 48. b5 Rb4 49. Rxc3 Rxb5 50. Rh3 1/2-1/2

[Event "IECC M-5014"]
[Site "IECC email"]
[Date "2004.04.19"]
[Round "?"]
[White "Sanchez Redondo, Jaime"]
[Black "Hargreaves, Richard"]
[Result "1/2-1/2"]
[WhiteElo "1533"]
[BlackElo "1435"]
[PlyCount "35"]
[EventDate "2004.??.??"]
[EventType "tourn (corr)"]
[EventRounds "10"]
[SourceTitle "Corr 2020"]
[Source "ChessBase"]
[SourceDate "2019.09.30"]
[SourceVersion "1"]
[SourceVersionDate "2019.09.30"]
[SourceQuality "1"]
[WhiteTeam "Spain"]
[BlackTeam "England"]
[WhiteTeamCountry "ESP"]
[BlackTeamCountry "ENG"]

1. e4 e5 2. Nf3 Nf6 3. Nc3 Nc6 4. g3 Bc5 5. Bg2 0-0 6. Nxe5 Nxe5 7. d4 Bxd4 8. Qxd4 d6 9. 0-0 Bh3 10. Bf4 Bxg2 11. Kxg2 Nc6 12. Qe3 d5 13. Rad1 d4 14. Qf3 Qe7 15. Nb5 Rad8 16. Rde1 Qc5 17. Qb3 Nb4 18. Nxc7 1/2-1/2

[Event "P-3667"]
[Site "IECC email"]
[Date "2004.04.09"]
[Round "?"]
[White "Pessoa, Francisco"]
[Black "Sanchez Redondo, Jaime"]
[Result "1/2-1/2"]
[WhiteElo "2143"]
[BlackElo "1568"]
[PlyCount "96"]
[EventDate "2004.??.??"]
[EventType "tourn (corr)"]
[SourceTitle "Corr 2020"]
[Source "ChessBase"]
[SourceDate "2019.09.30"]
[SourceVersion "1"]
[SourceVersionDate "2019.09.30"]
[SourceQuality "1"]
[WhiteTeam "Portugal"]
[BlackTeam "Spain"]
[WhiteTeamCountry "POR"]
[BlackTeamCountry "ESP"]

1. e4 c5 2. Nf3 Nc6 3. Bb5 g6 4. 0-0 Bg7 5. Re1 e5 6. Bxc6 dxc6 7. d3 Qe7 8. Nbd2 Nf6 9. Nc4 Nd7 10. Bd2 0-0 11. Be3 b6 12. Qd2 Ba6 13. Bh6 Bxc4 14. Bxg7 Kxg7 15. dxc4 Rfd8 16. Qe3 Nf8 17. a4 a5 18. Qb3 Qc7 19. Rad1 Ne6 20. c3 f6 21. g3 Rxd1 22. Rxd1 Rd8 23. h3 Rxd1+ 24. Qxd1 Qd8 25. Qxd8 Nxd8 26. Kf1 Ne6 27. Ke2 Ng5 28. Nxg5 fxg5 29. Ke3 Kf6 30. Kf3 h5 31. Ke3 g4 32. hxg4 hxg4 33. Kd2 Kg5 34. Kd3 Kh5 35. Ke3 Kh6 36. b3 Kg5 37. Kd3 Kf6 38. Kd2 Kg5 39. Ke3 Kf6 40. Kd3 Kg5 41. b4 Kf6 42. b5 cxb5 43. cxb5 Ke6 44. c4 Kf6 45. Kd2 Kg5 46. Ke3 Kf6 47. Kd3 Ke6 48. Kd2 Kf6 1/2-1/2

[Event "IECC KO-2050"]
[Site "IECC email"]
[Date "2003.12.08"]
[Round "?"]
[White "Sanchez Redondo, Jaime"]
[Black "Humphreys, Bill"]
[Result "1-0"]
[WhiteElo "1483"]
[BlackElo "1231"]
[PlyCount "23"]
[EventDate "2003.??.??"]
[EventType "match (corr)"]
[EventRounds "2"]
[SourceTitle "Corr 2020"]
[Source "ChessBase"]
[SourceDate "2019.09.30"]
[SourceVersion "1"]
[SourceVersionDate "2019.09.30"]
[SourceQuality "1"]
[WhiteTeam "Spain"]
[BlackTeam "United States"]
[WhiteTeamCountry "ESP"]
[BlackTeamCountry "USA"]

1. d4 d6 2. e4 Nd7 3. Nf3 e5 4. Bc4 h6 5. dxe5 dxe5 6. Bxf7+ Ke7 7. Nc3 Ngf6 8. Bg6 Nb6 9. Qxd8+ Kxd8 10. Nxe5 Be6 11. Bf7 Ke7 12. Ng6+ 1-0

[Event "IECC M-4641"]
[Site "IECC email"]
[Date "2003.03.11"]
[Round "?"]
[White "Johnson, Bernie"]
[Black "Sanchez Redondo, Jaime"]
[Result "1-0"]
[WhiteElo "1822"]
[BlackElo "1528"]
[PlyCount "63"]
[EventDate "2003.??.??"]
[EventType "tourn (corr)"]
[EventRounds "10"]
[SourceTitle "Corr 2020"]
[Source "ChessBase"]
[SourceDate "2019.09.30"]
[SourceVersion "1"]
[SourceVersionDate "2019.09.30"]
[SourceQuality "1"]
[WhiteTeam "United States"]
[BlackTeam "Spain"]
[WhiteTeamCountry "USA"]
[BlackTeamCountry "ESP"]

1. e4 e5 2. Nf3 Nc6 3. Nc3 Nf6 4. Bc4 Nxe4 5. Nxe4 d5 6. Bd3 dxe4 7. Bxe4 Bd6 8. 0-0 0-0 9. d3 Ne7 10. d4 exd4 11. Qxd4 f5 12. Bd3 Be6 13. Bc4 Bxc4 14. Qxc4+ Kh8 15. Qb3 b6 16. Ng5 Qe8 17. Ne6 Rf7 18. Re1 Nc6 19. Bg5 Qd7 20. Rad1 Re8 21. Bh4 a6 22. a3 h6 23. f4 Kg8 24. Qd5 Ne7 25. Bxe7 Rexe7 26. Kh1 Qe8 27. g3 Kh7 28. Rd2 Rf6 29. Rde2 Bc5 30. b4 Bd6 31. c4 c6 32. Qxd6 1-0

[Event "IECC M email"]
[Site "IECC email"]
[Date "2003.02.26"]
[Round "?"]
[White "Park, Andrew William"]
[Black "Sanchez Redondo, Jaime"]
[Result "0-1"]
[WhiteElo "1462"]
[BlackElo "1438"]
[PlyCount "48"]
[EventDate "2003.??.??"]
[EventType "tourn (corr)"]
[EventRounds "6"]
[SourceTitle "Corr 2008"]
[Source "ChessBase"]
[SourceDate "2008.06.24"]
[SourceVersion "1"]
[SourceVersionDate "2008.06.24"]
[SourceQuality "1"]

1. d4 Nf6 2. c4 g6 3. g3 c5 4. e3 cxd4 5. exd4 d5 6. Bg2 dxc4 7. Nc3 Qa5 8. Nge2 Bg7 9. 0-0 0-0 10. Nf4 Nc6 11. d5 Ne5 12. Re1 Nfd7 13. Bd2 Qb6 14. b3 cxb3 15. axb3 Nc5 16. Na4 Nxa4 17. Rxa4 Bg4 18. Qc2 Rfc8 19. Qa2 g5 20. Ne2 Nd3 21. Be3 Qb5 22. Nd4 Bxd4 23. Bxd4 Nxe1 24. Bxa7 Nf3+ 0-1

[Event "IECC M email"]
[Site "IECC email"]
[Date "2003.02.26"]
[Round "?"]
[White "Sanchez Redondo, Jaime"]
[Black "Park, Andrew William"]
[Result "1-0"]
[WhiteElo "1420"]
[BlackElo "1480"]
[PlyCount "47"]
[EventDate "2003.??.??"]
[EventType "tourn (corr)"]
[EventRounds "6"]
[SourceTitle "Corr 2008"]
[Source "ChessBase"]
[SourceDate "2008.06.24"]
[SourceVersion "1"]
[SourceVersionDate "2008.06.24"]
[SourceQuality "1"]

1. e4 c5 2. Nf3 Nc6 3. Bb5 d6 4. 0-0 Bd7 5. Re1 e5 6. c3 Nge7 7. d4 cxd4 8. cxd4 f6 9. Nc3 a6 10. Ba4 Na7 11. Bb3 Rc8 12. Be3 Nb5 13. Na4 Ng6 14. dxe5 fxe5 15. Qd5 Qf6 16. Qxb7 Nf4 17. Nb6 Rc7 18. Qa8+ Qd8 19. Bf7+ Ke7 20. Nd5+ Nxd5 21. Qxd5 Bg4 22. Bg5+ Kd7 23. Nxe5+ Kc8 24. Qa8# 1-0

[Event "IECC CL5-2003.05 email"]
[Site "IECC email"]
[Date "2003.02.21"]
[Round "?"]
[White "Johnson, Bernard S"]
[Black "Sanchez Redondo, Jaime"]
[Result "1-0"]
[WhiteElo "1496"]
[BlackElo "1454"]
[PlyCount "99"]
[EventDate "2003.??.??"]
[EventType "tourn (corr)"]
[EventRounds "4"]
[SourceTitle "Corr 2008"]
[Source "ChessBase"]
[SourceDate "2008.06.24"]
[SourceVersion "1"]
[SourceVersionDate "2008.06.24"]
[SourceQuality "1"]

1. e4 c5 2. Nf3 Nc6 3. d4 cxd4 4. Nxd4 Nf6 5. Nc3 e5 6. Ndb5 d6 7. Nd5 Nxd5 8. exd5 Nb8 9. Bd3 Be7 10. 0-0 a6 11. Nc3 0-0 12. Re1 f5 13. a4 Bg5 14. a5 Nd7 15. Bxg5 Qxg5 16. Ra4 Nc5 17. Rb4 Qd8 18. Qa1 Nxd3 19. cxd3 g5 20. d4 e4 21. Qa4 h6 22. Rb6 Qe7 23. Qb4 Rf6 24. Qc4 Qd8 25. Qe2 Rf7 26. g3 Qf6 27. Qc4 h5 28. Qb4 Rd7 29. Re3 Qf8 30. Ne2 h4 31. g4 fxg4 32. Nc3 Qf4 33. Nxe4 Rc7 34. Qd2 Bd7 35. Nxd6 Ba4 36. Ne4 Rc2 37. Qe1 Rf8 38. b3 Bb5 39. Rg6+ Kh7 40. Re6 Kh8 41. d6 Rfc8 42. Rh6+ Kg7 43. Rf6 Rc1 44. Rxf4 gxf4 45. Nc5 Rxe1+ 46. Rxe1 Kf6 47. Nxb7 Bc6 48. Nc5 Rd8 49. Re6+ Kf7 50. Rh6 1-0

[Event "IECC CL5-2003.05 email"]
[Site "IECC email"]
[Date "2003.02.21"]
[Round "?"]
[White "Sanchez Redondo, Jaime"]
[Black "Schunk, Reinhold"]
[Result "1/2-1/2"]
[WhiteElo "1461"]
[BlackElo "1500"]
[PlyCount "37"]
[EventDate "2003.??.??"]
[EventType "tourn (corr)"]
[EventRounds "4"]
[SourceTitle "Corr 2008"]
[Source "ChessBase"]
[SourceDate "2008.06.24"]
[SourceVersion "1"]
[SourceVersionDate "2008.06.24"]
[SourceQuality "1"]

1. e4 e6 2. Nf3 d5 3. Nc3 c5 4. exd5 exd5 5. Bb5+ Nc6 6. Qe2+ Be7 7. 0-0 Nf6 8. Re1 Be6 9. Bxc6+ bxc6 10. Ne5 Qd6 11. Qa6 d4 12. Ne2 0-0 13. Nf4 Nd5 14. d3 Nb4 15. Qa4 Bf6 16. Nxe6 fxe6 17. Nc4 Qd7 18. Bf4 Bh4 19. Ne5 1/2-1/2

[Event "IECC CL7-2002.13"]
[Site "IECC email"]
[Date "2002.05.12"]
[Round "?"]
[White "Sanchez Redondo, Jaime"]
[Black "Venturas, Bob"]
[Result "1-0"]
[WhiteElo "1100"]
[BlackElo "1094"]
[PlyCount "39"]
[EventDate "2002.??.??"]
[EventType "tourn (corr)"]
[EventRounds "4"]
[SourceTitle "Corr 2008"]
[Source "ChessBase"]
[SourceDate "2008.06.24"]
[SourceVersion "1"]
[SourceVersionDate "2008.06.24"]
[SourceQuality "1"]

1. e4 e5 2. Nf3 Bc5 3. Nxe5 Qf6 4. Nf3 d6 5. d4 Bb6 6. Bc4 Bg4 7. c3 c6 8. 0-0 Nh6 9. e5 Bxf3 10. exf6 Bxd1 11. fxg7 Rg8 12. Bxh6 Bh5 13. Re1+ Kd7 14. Nd2 Na6 15. Re3 d5 16. Rae1 Kd6 17. Bd3 Bg6 18. Bxg6 fxg6 19. Re7 Nc7 20. Bf4# 1-0